Statistics for 関東信越国税局の税務署

Click here to take the quiz!

General Stats

  • This quiz has been taken 31 times
  • The average score is 48 of 63

Answer Stats

Hint税務署名% Correct
茨城水戸
100%
長野松本
96%
長野長野
96%
埼玉大宮
96%
茨城土浦
96%
茨城日立
96%
群馬高崎
96%
新潟新潟
96%
栃木宇都宮
96%
新潟長岡
96%
群馬前橋
96%
埼玉越谷
92%
埼玉川口
92%
埼玉熊谷
92%
埼玉浦和
92%
埼玉秩父
92%
長野上田
92%
長野諏訪
92%
埼玉所沢
88%
新潟柏崎
88%
新潟村上
88%
茨城太田
88%
埼玉春日部
88%
新潟新発田
88%
埼玉川越
88%
埼玉上尾
88%
栃木栃木
88%
群馬伊勢崎
88%
群馬桐生
84%
栃木足利
84%
栃木佐野
84%
新潟三条
84%
長野飯田
80%
新潟新津
80%
群馬館林
80%
長野伊那
80%
群馬沼田
80%
新潟高田
76%
長野佐久
76%
埼玉朝霞
76%
栃木鹿沼
72%
新潟十日町
72%
埼玉本庄
72%
茨城下館
72%
茨城古河
72%
新潟佐渡
68%
栃木大田原
68%
群馬藤岡
68%
新潟糸魚川
64%
長野大町
60%
埼玉行田
60%
新潟小千谷
60%
埼玉東松山
60%
栃木真岡
56%
長野木曽
52%
群馬中之条
52%
群馬富岡
52%
茨城潮来
44%
栃木氏家
40%
茨城竜ケ崎
40%
新潟
28%
埼玉西川口
16%
長野信濃中野
4%

Score Distribution

Percentile by Number Answered

Percent of People with Each Score

Your Score History

You have not taken this quiz